Hipopóptimos (Record no. 45604)

MARC details
000 -Etiqueta do registo
Valores 00723cam a2200253 4500
010 ## - Número ISBN
ISBN 9724126412
021 ## - Número do Depósito Legal
Número 186620/02
100 ## - Dados gerais de processamento
Dados gerais 20030513d2002 c y0pory5003 ba
101 0# - Língua de publicação
Língua por
102 ## - País de publicação
País PT
200 1# - Titulo e menção de responsabilidade
Título próprio Hipopóptimos
Informação de outro título uma história de amor
Primeira menção de responsabilidade Álvaro Magalhães
Outras menções de responsabilidade il. Danuta Wojciechowska
205 ## - Menção da edição
Edição 2.ª ed.
210 #9 - Publicação
Local de publicação Porto
Nome do editor Asa,
Data de publicação 2002
215 ## - Descrição física 
Paginação / Volumes 65, [4] p.
Outras indicações físicas il.
Dimensões 21 cm
225 2# - Colecção 
Título próprio da colecção Biblioteca Álvaro Magalhães
Indicação de volume 10
675 ## - CDU
Notação 087.5
Edição BN
Língua por
675 ## - CDU
Notação 821.134.3-93"19/20"
Edição BN
Língua por
675 ## - CDU
Notação 821.134.3-34"19/20"
Edição BN
Língua por
700 #1 - Autor principal
Apelido Magalhães,
Nome Álvaro,
Datas 1951-
702 #1 - Autor secundário
Apelido Wojciechowska,
Nome Danuta,
Datas 1960-
Função 440
801 ## - Fonte de origem
País PT
Regras de catalogação RPC
990 ## - Elementos KOHA
Tipo de documento Livro
Holdings
Aquisição Empréstimo Código de barras Cota Permissão de empréstimo Tipo de documento
Biblioteca do Centro Escolar de Montoito Biblioteca do Centro Escolar de Montoito 82167 82-93 MAG LIT. INF. JUV.   Livro

Powered by Koha